| 000 | 01043nab a22002057a 4500 | ||
|---|---|---|---|
| 999 |
_c6264 _d6264 |
||
| 003 | OSt | ||
| 005 | 20260128015654.0 | ||
| 008 | 190514b xxu||||| |||| 00| 0 spa d | ||
| 040 | _cPJ | ||
| 100 |
_96972 _aCarrillo Herrera, Gonzalo M. |
||
| 245 | 1 | 3 |
_aEl derecho a la identidad en la ley 27.611 : _bun buen objetivo, un mal resultado / _cGonzalo M. Carrillo Herrera. |
| 300 | _ap. 158-169 | ||
| 500 | _aCita: TR LALEY AR/DOC/2501/2025. | ||
| 505 | _aSumario: I. Introducción.— II. Derecho a la identidad en la ley nacional 27.611.— III. Las consecuencias de la aplicación de la inscripción tardía administrativa.— IV. El procedimiento de la inscripción tardía de nacimiento administrativa.— V. Conclusiones. | ||
| 505 | _tSi te interesa el texto, comunicate a koha@justierradelfuego.gov.ar | ||
| 650 | 0 |
_9967 _aDERECHO DE FAMILIA |
|
| 650 | 0 |
_94305 _aDERECHO A LA IDENTIDAD DE GÉNERO |
|
| 773 | 0 |
_02844 _93222 _dBuenos Aires : AbeledoPerrot, 1989- _tDerecho de familia. N° 122 - Noviembre 2025 _z18511201 |
|
| 942 |
_2udc _cANA |
||